000 00447nam a22001817a 4500
003 MPLRDC
005 20220104165453.0
008 210129b ||||| |||| 00| 0 eng d
020 _a978-0-8249-4727-9
082 _a244.9 FRE
100 _aFRANK FREED, PhD
245 _a8 STEPS TO POSITIVE LIVING
_c
250 _a1ST ED.
260 _aU.S.A.
_bGUIDEPOSTSBOOKS
_c2007
300 _b127
650 _aCHRISTIAN LIFE
942 _cBK
_o244.9 FRE
999 _c57461
_d57451